| Tag |
First Indicator |
Second Indicator |
Subfields |
| LEADER |
00000cam a2200000 4500 |
| 001 |
in00000036544 |
| 005 |
20151007060913.0 |
| 008 |
750113s1941 nyua 00010 eng |
| 010 |
|
|
|a 41052016
|
| 035 |
|
|
|a (OCoLC)01139184
|
| 035 |
|
|
|9 AAD0535AM
|
| 040 |
|
|
|a DLC
|c OTC
|d OCL
|d TXA
|d UtOrBLW
|
| 049 |
|
|
|a TXAM
|c 1 [102642]
|c 2 [117880]
|
| 050 |
|
0 |
|a GV583
|b .K47
|
| 082 |
0 |
|
|a 796.0973
|
| 092 |
|
|
|a 796.0973
|b K47a
|
| 100 |
1 |
|
|a Kieran, John,
|d 1892-1981.
|
| 245 |
1 |
4 |
|a The American sporting scene /
|c by John Kieran, with pictures by Joseph W. Golinkin.
|
| 264 |
|
1 |
|a New York :
|b The Macmillan company,
|c 1941.
|
| 300 |
|
|
|a 4 pages ., vii-xii, 211 pages, 1 unnumbered page including color frontispiece, illustrations (part color) ;
|c 28 cm.
|
| 336 |
|
|
|a text
|b txt
|2 rdacontent
|
| 337 |
|
|
|a unmediated
|b n
|2 rdamedia
|
| 338 |
|
|
|a volume
|b nc
|2 rdacarrier
|
| 500 |
|
|
|a "This is number 499 of a limited edition of five hundred copies. Each copy ... is signed by the author and the artist."
|
| 500 |
|
|
|a "First printing."
|
| 650 |
|
0 |
|a Sports
|z United States.
|
| 700 |
1 |
|
|a Golinkin, Joseph Webster,
|d 1896-
|
| 999 |
|
|
|a MARS
|
| 999 |
f |
f |
|s 86d9da83-ab77-321a-84e6-fc26bacaf5fe
|i a205ee24-e673-3599-b46e-f489378b0273
|t 0
|
| 952 |
f |
f |
|p ric
|a Texas A&M University
|b Rellis Campus
|c Joint Library Facility
|d Remote Storage
|t 0
|e GV583 .K47
|h Library of Congress classification
|i unmediated -- volume
|m A14801183743
|
| 998 |
f |
f |
|a GV583 .K47
|t 0
|l Remote Storage
|